000 00532nam a2200181Ia 4500
999 _c26362
_d26362
003 0100
005 20190925092312.0
008 130303s9999 xx 000 0 und d
040 _cARRUPELIB
050 _aBT653.M348 1981
100 _aMarnham, Patrick
_948285
245 _aLourdes
_ba modern pilgrimage
_cPatrick Marnham
260 _aLondon
_bGranada
_c1981
300 _a285p. ;
_c18cm.
650 _aLourdes (France)
_916093
650 _aChristian pilgrims and pilgrimages
_xLourdes
_zFrance
_948286
942 _2lcc
_cMONOGRAPH